000 00337nam a22001457a 4500
008 221213b ||||| |||| 00| 0 eng d
020 _a9781435441156
041 _aeng
080 _27TH EDITION
_a61
082 _a61IRE
100 _a8
101 _aMJEKSI
245 _aBEGINNING MEDICAL TRANSCRIPTION
_cIRELAND P
942 _2udc
_cBK
999 _c59181
_d59181